| 000 | 00808cam a2200265Ma 4500 | ||
|---|---|---|---|
| 999 |
_c560 _d560 |
||
| 001 | 736831 | ||
| 003 | OSt | ||
| 005 | 20180820133355.0 | ||
| 008 | 060727s2005 ii b 001 0 eng d | ||
| 020 | _a8172148879 (pbk.) | ||
| 020 | _a9788172148874 (pbk.) | ||
| 035 | _a(OCoLC)ocn166104500 | ||
| 035 | _a(OCoLC)166104500 | ||
| 040 |
_aYUS _cYUS _dDKAGE _dOCLCQ _dPTS |
||
| 049 | _aPTSS | ||
| 050 | 4 |
_aBS2595.52 _b.L37 2005 |
|
| 082 | 0 | 4 |
_a226.406 _bL343T |
| 100 | 1 | _aLasetso, Razouselie. | |
| 245 | 0 | 4 |
_aThe Nazareth manifesto : _bthe theology of jubilee and its trajectories in Luke-Acts / _cby Razouselie Lasetso. |
| 260 |
_aDelhi : _bISPCK, _c2005. |
||
| 300 |
_axxi, 318 p. ; _c22 cm. |
||
| 630 | 0 | 0 |
_aBible. _pN. T. _pLuke _xCriticism, interpretation, etc. |
| 650 | 0 | _aJubilee (Judaism) | |
| 942 |
_2ddc _cBK |
||